000 00765nam a22002890a 4500
001 PT57768
003 AR-LpoUNG
005 20210131231839.0
008 191001s2016||||ag |||||||||||||||||spa d
020 _a9789873967092
_c$6
040 _aAR-LpoUNG
_bspa
_cAR-LpoUNG
_eaacr
041 _aspa
044 _aag
082 0 _a808.068 3 513rar
100 1 _aLegge, David
245 1 0 _aAlgo raro en casa del abuelo
250 _a1ra. ed.
260 _aBuenos Aires :
_bCalibroscopio,
_c2016.
300 _a[36] p. :
_bil.
505 0 _aSugerido a partir de 8 aƱos (etiqueta CELESTE)
650 4 _aCUENTOS
650 4 _aLITERATURA
651 4 _aDOCUMENTOS TEORICOS O METODOLOGICOS
653 _aLITERATURA INFANTIL
905 _a57768
942 _cLIB
999 _c12191
_d12191